Score 0/15 Timer 01:30
0 Plays Today
% Correct
Peter Schmeichel
81.5%
Tim Howard
79.5%
Paul Robinson
75%
José Luis Chilavert
74.1%
René Higuita
72.9%
Rogério Ceni
71.3%
Asmir Begovic
71.2%
Brad Friedel
69.6%
% Correct
Jorge Campos
67.8%
Jimmy Glass
60.1%
Bruce Grobbelaar
59.8%
Artur Boruc
56.6%
Dimitar Ivankov
56.3%
Tvrtko Kale
51.6%
Claudio Bravo
46.5%

Today's Daily Dose

Remove Ads.
Support Sporcle.
Get the best of Sporcle when you Go Orange. This ad-free experience offers more features, more stats, and more fun while also helping to support Sporcle. Thank you for becoming a member.

You're not logged in!

Compare scores with friends on all Sporcle quizzes.
OR
Log In

Show Comments

Extras

Top Quizzes Today


Score Distribution

Your Account Isn't Verified!

In order to create a playlist on Sporcle, you need to verify the email address you used during registration. Go to your Sporcle Settings to finish the process.

Report this User

Report this user for behavior that violates our Community Guidelines.

Details: